Aztatlan : (Record no. 140527)
[ view plain ]
| 000 -LEADER | |
|---|---|
| fixed length control field | nam a22 4500 |
| 005 - DATE AND TIME OF LATEST TRANSACTION | |
| control field | 20180907174314.0 |
| 008 - FIXED-LENGTH DATA ELEMENTS--GENERAL INFORMATION | |
| fixed length control field | 180504b mx ||||| |||| 00| 0 spa d |
| 020 ## - INTERNATIONAL STANDARD BOOK NUMBER | |
| International Standard Book Number | 9682321646 |
| 050 04 - LIBRARY OF CONGRESS CALL NUMBER | |
| Classification number | F1219.1.S56 |
| Item number | S28 1998 |
| 100 1# - MAIN ENTRY--PERSONAL NAME | |
| Personal name | Sauer, Carl Ortwin, |
| Dates associated with a name | [1889-1975] |
| 240 10 - UNIFORM TITLE | |
| Medium | Aztatlan, prehistoric mexican frontier on the Pacific Coast. |
| Language of a work | Español |
| 245 10 - TITLE STATEMENT | |
| Title | Aztatlan : |
| Remainder of title | frontera prehispanica mesoamericana en la Costa del Pacifico |
| Statement of responsibility, etc | / Carl Sahuer ; recopilación, tr. y prólogo Ignacio Guzmán Betancourt |
| 246 03 - VARYING FORM OF TITLE | |
| Title proper/short title | La Distribución de las tribus y las lenguas aborígenes del noroeste de México |
| 246 03 - VARYING FORM OF TITLE | |
| Title proper/short title | La Población aborigen del noroeste de México |
| 246 03 - VARYING FORM OF TITLE | |
| Title proper/short title | La Ruta de cibola |
| 250 ## - EDITION STATEMENT | |
| Edition statement | 1a ed. |
| 260 ## - PUBLICATION, DISTRIBUTION, ETC. (IMPRINT) | |
| Place of publication, distribution, etc | México, D.F. : |
| Name of publisher, distributor, etc | Siglo XXI ; |
| Date of publication, distribution, etc | 1998. |
| 490 #0 - SERIES STATEMENT | |
| Series statement | Los Once Ríos |
| 500 ## - GENERAL NOTE | |
| General note | Traducción de: Aztatlan, prehistoric mexican frontier on the Pacific Coast |
| 651 #7 - SUBJECT ADDED ENTRY--GEOGRAPHIC NAME | |
| Source of heading or term | LEMB |
| Geographic name | México |
| General subdivision | Antigüedades |
| 651 #7 - SUBJECT ADDED ENTRY--GEOGRAPHIC NAME | |
| Source of heading or term | LEMB |
| Geographic name | Nayarit |
| General subdivision | Antigüedades |
| 651 #7 - SUBJECT ADDED ENTRY--GEOGRAPHIC NAME | |
| Source of heading or term | LEMB |
| Geographic name | Sinaloa |
| General subdivision | Antigüedades |
| 700 1# - ADDED ENTRY--PERSONAL NAME | |
| Personal name | Guzmán Betancourt, Ignacio, |
| Relator term | comp. |
| 700 1# - ADDED ENTRY--PERSONAL NAME | |
| Personal name | Labastida, Jaime, |
| Relator term | coord. |
| 710 2# - ADDED ENTRY--CORPORATE NAME | |
| Corporate name or jurisdiction name as entry element | Fundación Ignacio Borquez Zazueta |
| 942 ## - ADDED ENTRY ELEMENTS (KOHA) | |
| Source of classification or shelving scheme | Biblioteca del Cogreso de los Estados Unidos |
| Koha item type | Libro |
| Estado de pérdida | Fuente de clasificación | Estado del daño | No para préstamo | Ubicación permanente | Ubicación actual | Apartado o colección | Fecha de adquisición | Edición | Dependencia de educación superior (DES) | Área del conocimiento | Clasificación | Código de Barras | Date last seen | Número de copia | Tipo de recurso | Nota pública |
|---|---|---|---|---|---|---|---|---|---|---|---|---|---|---|---|---|
| Biblioteca del Cogreso de los Estados Unidos | Biblioteca del Instituto de Investigaciones Históricas | Biblioteca del Instituto de Investigaciones Históricas | General | 04/05/2018 | 1a ed. | Humanidades | Ciencias Sociales y Administrativas | F1219.1.S56 S28 1998 | IIH000015914 | 04/05/2018 | C:1 | Libro | GENERAL |